000 00494nam a2200181Ia 4500
003 GCL
008 140319s9999 xx 000 0 eng d
040 _aGCL /
_cGCL
082 0 4 _a297.122
_bH T
100 1 _aHAERI, FA DHLALLA
245 1 0 _aTHE FAMILY OF IMRAN: A COMMENTARY ON CHAPTER 3 SURAT AL-IMRAN /
_cHAERI, FA DHLALLA
260 _a[S.N] :
_bGARNET PUBLISHINGG LIMITED ،
_c1993
300 _a213\P
650 0 4 _aنجد
650 0 4 _aKORAN
650 0 4 _aAL-IMRAN
942 _2ddc
_cBK
999 _c12247
_d12247